| 000 | 00643nam a22001817a 4500 | ||
|---|---|---|---|
| 003 | AUA.1 | ||
| 005 | 20241209101514.0 | ||
| 008 | 241209b |||||||| |||| 00| 0 eng d | ||
| 040 | _cJTL | ||
| 100 | _aBonongwe, Tonny | ||
| 245 |
_aFactors contributing to financial preparedness for retirement among manufacturing industry employees in Blantyre, Malawi / _cTonny Bonongwe. |
||
| 300 |
_axii, 173 leaves : _bill. : _c28 cm. |
||
| 648 | _aFinance, personal | ||
| 650 | _aRetirement | ||
| 650 |
_aEmployees _xManufacturing industries |
||
| 650 |
_aManufacturing industries _xBlantyre, Malawi |
||
| 942 |
_2aua _cTHESIS _hMBA _i.B66 2024 |
||
| 999 |
_c24787 _d24787 |
||